| 000 | 00376nam a22001337a 4500 | ||
|---|---|---|---|
| 020 | _qPB. | ||
| 040 | _cFIZZA ISHAQ | ||
| 082 |
_a128 _bAQU |
||
| 100 |
_a Aquinas , Thomas. _9133771 |
||
| 245 |
_aOn Human Nature / _c Thomas Aquinas. |
||
| 260 |
_aWashington: _b Hackett Publishing Company, Inc. _c1999. |
||
| 300 |
_a274 P. ; _c 5.5 x 0.75 x 8.75 inches |
||
| 942 |
_2ddc _cBK |
||
| 999 |
_c616731 _d616731 |
||